[Event "Vojvodina-chT"]
[Site "Kac"]
[Date "2016.11.19"]
[Round "7.6"]
[White "Moldovanovic, Dragan"]
[Black "Torbica, Milos"]
[Result "1/2-1/2"]
[WhiteElo "2005"]
[BlackElo "2237"]
[PlyCount "83"]
[EventDate "2016.11.15"]
[EventType "team-tourn"]
[EventRounds "11"]
[EventCountry "SRB"]
[SourceTitle "CBM 175 Extra"]
[Source "ChessBase"]
[SourceDate "2016.12.12"]
[SourceVersion "1"]
[SourceVersionDate "2016.12.12"]
[SourceQuality "1"]
[WhiteTeam "Banovci Dunav"]
[BlackTeam "Kraljica PTT"]
[WhiteTeamCountry "SRB"]
[BlackTeamCountry "SRB"]

1. d4 d5 2. Nf3 Nf6 3. c4 c6 4. Nc3 a6 5. e3 e6 6. Be2 Nbd7 7. 0-0 b5 8. b3 Be7 9. Qc2 Bb7 10. Bb2 0-0 11. Rad1 Rc8 12. e4 b4 13. e5 bxc3 14. exf6 Bxf6 15. Bxc3 Qb6 16. c5 Qc7 17. Bd3 g6 18. Rfe1 Rfe8 19. Qb2 a5 20. a3 Ra8 21. Re3 Ba6 22. Bxa6 Rxa6 23. Qe2 Raa8 24. h4 Rab8 25. Rb1 Rb5 26. b4 axb4 27. axb4 Ra8 28. g3 Nb8 29. h5 Kg7 30. Kg2 Nd7 31. Rh1 Rbb8 32. Bd2 Qb7 33. hxg6 hxg6 34. Rxe6 fxe6 35. Qxe6 Rh8 36. Ng5 Bxg5 37. Rxh8 Rxh8 38. Bxg5 Rf8 39. b5 Nb8 40. Be7 cxb5 41. Qe5+ Kg8 42. Qe6+ 1/2-1/2

[Event "Vojvodina-chT"]
[Site "Novi Sad"]
[Date "2015.11.12"]
[Round "3.6"]
[White "Skoko, Milan"]
[Black "Torbica, Milos"]
[Result "1/2-1/2"]
[WhiteElo "2169"]
[BlackElo "2262"]
[PlyCount "74"]
[EventDate "2015.11.10"]
[EventType "team-tourn"]
[EventRounds "9"]
[EventCountry "SRB"]
[SourceTitle "CBM 169 Extra"]
[Source "ChessBase"]
[SourceDate "2015.12.18"]
[SourceVersion "1"]
[SourceVersionDate "2015.12.18"]
[SourceQuality "1"]
[WhiteTeam "Stara Pazova"]
[BlackTeam "Petrovaradin Kraljica"]
[WhiteTeamCountry "SRB"]
[BlackTeamCountry "SRB"]

1. e4 e6 2. d4 d5 3. Nd2 dxe4 4. Nxe4 Nd7 5. Nf3 Ngf6 6. Bg5 Be7 7. Nxf6+ Nxf6 8. Bd3 0-0 9. Qe2 Rb8 10. c3 b6 11. 0-0 Bb7 12. Bxf6 Bxf6 13. Be4 Bd5 14. Rfe1 Qd6 15. Rad1 Rfd8 16. a3 Rbc8 17. Bxd5 Qxd5 18. Nd2 g6 19. Nc4 Qf5 20. Ne3 Qa5 21. Ng4 Bg7 22. Ne5 Qd5 23. g3 h5 24. h4 c5 25. dxc5 Qxc5 26. Rxd8+ Rxd8 27. Nxf7 Kxf7 28. Qxe6+ Kf8 29. Re4 Bxc3 30. Rf4+ Kg7 31. bxc3 Rf8 32. Qd7+ Kg8 33. Qe6+ Kg7 34. Rd4 Qxc3 35. Qe5+ Kg8 36. Qe6+ Kh8 37. Qe5+ Kg8 1/2-1/2

[Event "SRB-chT2 Vojvodina League"]
[Site "Kac"]
[Date "2012.10.18"]
[Round "7"]
[White "Vlahovic, Bogdan"]
[Black "Torbica, Milos"]
[Result "1/2-1/2"]
[WhiteElo "2340"]
[BlackElo "2279"]
[PlyCount "25"]
[EventDate "2012.10.14"]
[EventType "team-swiss"]
[EventRounds "11"]
[EventCountry "SRB"]
[SourceTitle "EXT 2015"]
[Source "ChessBase"]
[SourceDate "2014.11.20"]
[SourceVersion "1"]
[SourceVersionDate "2014.11.20"]
[SourceQuality "1"]

1. Nf3 d5 2. g3 Nf6 3. Bg2 c6 4. b3 Bf5 5. Bb2 h6 6. d3 e6 7. Nbd2 Be7 8. 0-0 0-0 9. Qe1 a5 10. e4 Bh7 11. a4 Na6 12. e5 Nd7 13. Qe2 1/2-1/2

[Event "Vojvodina-chT2"]
[Site "Vrbas"]
[Date "2011.09.29"]
[Round "7"]
[White "Kracunov, Bozidar"]
[Black "Torbica, Milos"]
[Result "0-1"]
[WhiteElo "2078"]
[BlackElo "2246"]
[PlyCount "89"]
[EventDate "2011.09.25"]
[EventType "team-tourn"]
[EventRounds "11"]
[EventCountry "SRB"]
[SourceTitle "CBM 144 Extra"]
[Source "ChessBase"]
[SourceDate "2011.10.28"]
[SourceVersion "1"]
[SourceVersionDate "2011.10.28"]
[SourceQuality "1"]

1. d4 d5 2. c4 c6 3. Nc3 Nf6 4. e3 a6 5. a4 a5 6. Nf3 Na6 7. cxd5 Nxd5 8. e4 Nf6 9. h3 Nb4 10. Bc4 e6 11. 0-0 Be7 12. Be3 0-0 13. Qb3 b6 14. Rad1 Ba6 15. Bxa6 Rxa6 16. Rd2 Qc7 17. Qc4 Ra7 18. Rfd1 Rc8 19. Ne1 Rb7 20. g3 h6 21. Bf4 Qd8 22. Qe2 Rd7 23. Be5 Nh7 24. Qg4 Bf6 25. Bxf6 Nxf6 26. Qf3 Qe7 27. e5 Ne8 28. Ne4 Rcd8 29. h4 f5 30. exf6 Nxf6 31. Nxf6+ Qxf6 32. Qxf6 gxf6 33. f4 e5 34. fxe5 fxe5 35. Nf3 e4 36. Ne5 Rd5 37. Kf2 c5 38. Ke3 cxd4+ 39. Kxe4 Re8 40. Rxd4 Rdxe5+ 41. Kf3 Rf8+ 42. Kg4 h5+ 43. Kh3 Kf7 44. g4 hxg4+ 45. Kxg4 0-1

[Event "Novi Sad op"]
[Site "Novi Sad"]
[Date "1989.??.??"]
[Round "4"]
[White "Lukasiewicz, Grzegorz"]
[Black "Torbica, Milos"]
[Result "1-0"]
[WhiteElo "2340"]
[BlackElo "2260"]
[PlyCount "97"]
[EventDate "1989.??.??"]
[EventType "swiss"]
[EventRounds "9"]
[EventCountry "YUG"]
[SourceTitle "EXT 2000"]
[Source "ChessBase"]
[SourceDate "1999.11.16"]
[SourceVersion "1"]
[SourceVersionDate "1999.11.16"]
[SourceQuality "1"]

1. d4 e6 2. Nf3 Nf6 3. e3 c5 4. Bd3 d5 5. b3 cxd4 6. exd4 Be7 7. 0-0 0-0 8. Bb2 Nc6 9. a3 a6 10. Nbd2 b5 11. Ne5 Qb6 12. Ndf3 Nd7 13. Nxd7 Bxd7 14. Re1 a5 15. Re3 b4 16. a4 Bc8 17. h4 Ba6 18. Ng5 h6 19. Qg4 Bxd3 20. Rxd3 Bf6 21. Nf3 Rac8 22. Re1 Ne7 23. Re2 Rc6 24. Bc1 Nf5 25. Be3 Rfc8 26. Rdd2 Qd8 27. g3 Rc3 28. Kg2 Kh7 29. Bf4 Nd6 30. Bxd6 Qxd6 31. Ne1 R8c6 32. Rd1 Qc7 33. Red2 Qb6 34. Qe2 Be7 35. Rd3 Qc7 36. Rxc3 Rxc3 37. Rd3 Bf6 38. Qd2 Rc6 39. Qd1 Bd8 40. Qe2 Qe7 41. Rd2 Qf6 42. Nf3 Rc3 43. Rd3 Rc6 44. Ne5 Rc8 45. Rf3 Qe7 46. Rxf7 Qe8 47. Qg4 Qg8 48. Qxe6 Bf6 49. Qf5+ 1-0

[Event "Novi Sad op"]
[Site "Novi Sad"]
[Date "1989.??.??"]
[Round "7"]
[White "Torbica, Milos"]
[Black "Rimawi, BT."]
[Result "0-1"]
[WhiteElo "2260"]
[BlackElo "2230"]
[PlyCount "60"]
[EventDate "1989.??.??"]
[EventType "swiss"]
[EventRounds "9"]
[EventCountry "YUG"]
[SourceTitle "EXT 2000"]
[Source "ChessBase"]
[SourceDate "1999.11.16"]
[SourceVersion "1"]
[SourceVersionDate "1999.11.16"]
[SourceQuality "1"]

1. d4 Nf6 2. Nf3 g6 3. Bg5 Bg7 4. e3 0-0 5. Be2 d6 6. 0-0 h6 7. Bh4 g5 8. Bg3 Nh5 9. a4 Nc6 10. c3 e5 11. Nfd2 Nxg3 12. fxg3 f5 13. b4 exd4 14. exd4 Nxd4 15. Bd3 Nc6 16. Qb3+ Kh8 17. Nf3 Qf6 18. Bc4 Bd7 19. a5 a6 20. Ra2 Rae8 21. Raf2 Re3 22. Qd1 Ne5 23. Nxe5 Qxe5 24. Bd3 d5 25. Rf3 Rxf3 26. Qxf3 f4 27. gxf4 Rxf4 28. Qd1 Qe3+ 29. Kh1 Bg4 30. Qc2 Bf5 0-1

[Event "Novi Sad op"]
[Site "Novi Sad"]
[Date "1989.??.??"]
[Round "9"]
[White "Torbica, Milos"]
[Black "Yuneeva, N."]
[Result "0-1"]
[WhiteElo "2260"]
[BlackElo "2090"]
[PlyCount "88"]
[EventDate "1989.??.??"]
[EventType "swiss"]
[EventRounds "9"]
[EventCountry "YUG"]
[SourceTitle "EXT 2000"]
[Source "ChessBase"]
[SourceDate "1999.11.16"]
[SourceVersion "1"]
[SourceVersionDate "1999.11.16"]
[SourceQuality "1"]

1. d4 Nf6 2. Nf3 g6 3. Bf4 Bg7 4. e3 d6 5. Be2 Nh5 6. Bg3 Nxg3 7. hxg3 c5 8. c3 Nc6 9. Nbd2 cxd4 10. cxd4 0-0 11. a3 Bd7 12. b4 Rc8 13. Ne4 Bf5 14. Neg5 h6 15. Nh3 e5 16. b5 Qa5+ 17. Kf1 Ne7 18. Kg1 Nd5 19. Bd3 e4 20. g4 Nc3 21. Qe1 exd3 22. gxf5 Qxb5 23. Kh2 Qxf5 24. Qd2 d5 25. Ne1 Ne4 26. Qxd3 Rc3 27. Qe2 Rfc8 28. Qf3 Qe6 29. Nf4 Qd6 30. g3 Bxd4 31. Ne2 Rxe3 32. fxe3 Bxa1 33. Nd3 Bg7 34. Rf1 f5 35. Rc1 Rxc1 36. Nexc1 Qxa3 37. g4 fxg4 38. Qxg4 Qd6+ 39. Kg2 Kh7 40. Nf4 b5 41. Ne6 a5 42. Nd3 h5 43. Qh3 Qc6 44. Nd4 Qc3 0-1